| 000 | 00520nam a2200193 4500 | ||
|---|---|---|---|
| 003 | SEACOMMC | ||
| 005 | 20231026062248.0 | ||
| 008 | 231026b |||||||| |||| 00| 0 eng d | ||
| 020 | _cRs. 395.00 | ||
| 040 | _aSEACOMMC | ||
| 082 |
_a004.6 _bWIT |
||
| 100 | 1 | _aWitten, Ian H. | |
| 245 | 1 |
_aData mining _bpractical machine learning tools and techniques _cIan H. Witten and Eibe Frank |
|
| 250 | _a2nd ed. | ||
| 260 |
_aNew Delhi _bElsevier _c2006 |
||
| 650 | _aComputer science | ||
| 700 | 1 | _aFrank, Eibe | |
| 942 | _cBOOK | ||
| 999 |
_c282 _d282 |
||